Физика и астрономия 8. клас : сборник задачи и тестове по новата учебна програма (Запис номер 328850)
[ съкратено ]
| 000 -Лидер | |
|---|---|
| Контролно поле с фиксирана дължина | 01607nam a2200337 a 4500 |
| 003 - Код на организацията, давaща контролен номер | |
| Контролно поле | BLK |
| 005 - Дата и час на последна редакция | |
| Контролно поле | 20250417133212.0 |
| 008 - Елементи от данни с фиксирана дължина | |
| fixed length control field | 190211b bu de|||r|||| 00| 0 bu d |
| 020 ## - Международен стандартен номер на книга ISBN | |
| Международен стандартен номер на книга ISBN | 9789547452909 |
| 040 ## - Източник на каталожния запис | |
| Идентификатор на билиотеката - собственик на записа | BLK |
| 041 ## - Код за език | |
| Код за езика на текст/звукозапис или на отделно заглавие | Български |
| Код за езика КДБФ | Български |
| 080 ## - УДК | |
| Текстов определител УДК | Физика |
| УДК код - определител по УДК | 53 |
| УДК определител | (079)(075.3) |
| УДК - код + определител | 53(079)(075.3) |
| 100 ## - Редна дума - Автор | |
| R(LIN) | 364185 |
| Автор | Райчева, Анка Борисова |
| Авторска отговорност | първи автор |
| 139 ## - Редно поле | |
| Редна дума | Райчева, Анка Борисова и др. |
| Авторски знак | Раич - Р 29 |
| 245 ## - Сведения за заглавието | |
| Заглавие | Физика и астрономия 8. клас : сборник задачи и тестове по новата учебна програма |
| Редно поле (дума) | Анка Райчева, Евгения Лачкова |
| 260 ## - Област на издателските данни | |
| 9 (RLIN) | 209564 |
| Място на издаване, разпространение и проч. | София |
| Име на издателя, разпространителя и проч. | Регалия 6 |
| Година на издаване | 2018 |
| Печатница | София : Инвестпрес |
| 300 ## - Физическа характеристика | |
| Страници | 168 с. |
| Илюстрации и др. | с табл., ил. |
| Размери/Мащаб | 24 см |
| 380 ## - Жанр | |
| Жанр | Естествени науки. Математика |
| 500 ## - Общи забележки | |
| Забележка | Загл. от изд. каре: Сборник задачи и тестове физика 8. клас<br/>Загл. на гърба на кн.: Сборник задачи и тестове за 8. клас |
| 650 #0 - Допълнително описание по предмет – тема | |
| 9 (RLIN) | 253505 |
| Основно описание – тема или топоним | Физика - учебници за средни училища |
| 653 #7 - Ключова дума – ненормативна | |
| 9 (RLIN) | 199275 |
| Ключова дума | физика |
| 653 #7 - Ключова дума – ненормативна | |
| 9 (RLIN) | 181437 |
| Ключова дума | астрономия |
| 653 #7 - Ключова дума – ненормативна | |
| 9 (RLIN) | 198264 |
| Ключова дума | тестове |
| 653 #7 - Ключова дума – ненормативна | |
| 9 (RLIN) | 180189 |
| Ключова дума | VІІІ кл. |
| 700 ## - Други автори (авторска отговорност) | |
| 9 (RLIN) | 253460 |
| Лично име | Лачкова, Евгения Илиева |
| Автороска отговорност (Описва отношението между автора и произведението) | съавт. |
| 852 ## - Местоположение | |
| Форматна сигнатура | Цб 293581 |
| 852 ## - Местоположение | |
| Фондова буква | Заемна - подръчен фонд |
| Систематично-азбучна сигнатура | 53(075)/Р 29 А |
| 999 ## - СИСТЕМНИ КОНТРОЛНИ НОМЕРА | |
| Koha biblionumber | 328850 |
| Koha biblioitemnumber | 328850 |
| 942 ## - АРТИКУЛИ | |
| Вид на библиотечния материал | Книги |
| Скрит в OPAC | Не |
| Периодичен библиозапис | Да |
| Koha issues (borrowed), all copies | 2 |
| 944 ## - СЪЗДАВАНЕ И РЕДАКЦИЯ на ЗАПИСА | |
| Създаване/Редакция | Създаване |
| Дата на регистрацията/редакция | 2019-02-11 |
| Служител, извършил регистрацията/редакцията | 30542 |
| Статус, дата на статуса | Русанова Ирена |
| 944 ## - СЪЗДАВАНЕ И РЕДАКЦИЯ на ЗАПИСА | |
| Създаване/Редакция | Редакция |
| Дата на регистрацията/редакция | 2021-10-20 |
| Служител, извършил регистрацията/редакцията | ГГГ |
| Статус, дата на статуса | 2021-10-20 |
| Код за отписване | Код за изгубен артикул | Източник на класификационната схема | Код за повреда | Коз за рестрикции | Код за отдаване | Артикулен № | Име на библиотеката - собственик | Име на библиотеката, в която се намира в момента | Статус (Текущо местоположение) | Дата на вписване в системата | Местоположение - отдел | Цена в лева | Систематично азбучна сигнатура | Баркод | Цена в евро | Служебен тип на артикула |
|---|---|---|---|---|---|---|---|---|---|---|---|---|---|---|---|---|
| Не е изгубен | Universal Decimal Classification | Не е повреден | без рестрикции | ползва се в читалня | 689332 | Регионална библиотека "Любен Каравелов" Русе | Регионална библиотека "Любен Каравелов" Русе | Хранилище | 2019-02-14 | Хранилище | 8.00 | Цб 293581 | 120000829569 | 4.09 | Книги | |
| Не е изгубен | Universal Decimal Classification | Не е повреден | без рестрикции | заемане за дома | 858274 | Регионална библиотека "Любен Каравелов" Русе | Регионална библиотека "Любен Каравелов" Русе | Заемна - подръчен фонд | 2021-10-21 | Заемна - подръчен фонд | 6.40 | 53(075)/Р 29 А | 120000860803 | 3.27 | Книги | |
| Не е изгубен | Universal Decimal Classification | Не е повреден | без рестрикции | заемане за дома | 858275 | Регионална библиотека "Любен Каравелов" Русе | Регионална библиотека "Любен Каравелов" Русе | Заемна - подръчен фонд | 2021-10-21 | Заемна - подръчен фонд | 6.40 | 53(075)/Р 29 А | 120000860802 | 3.27 | Книги |